000 00438nam a22001217a 4500
999 _c10236
_d10236
003 OSt
008 201218b ||||| |||| 00| 0 eng d
245 _aElectrical Engineering Update
250 _a2007(Mar-Apr Vol.15 No.2, May-Jun Vol.15 No.3, Jul-Aug Vol.15 No.4) 2008(Mar-Apr Vol.16 No.2, Sep-Oct Vol.16 No.5)
260 _aMumbai
_bHigh-Tech Publishing Pvt. Ltd.
650 _aElectronics and Communication Engineering
942 _2ddc
_cBV